Concepts in integrated pest management /

Bibliographic Details
Main Author: Norris, Robert F.
Other Authors: Caswell-Chen, Edward P., Kogan, M. [ (Marcos)]
Format: Book
Published: Upper Saddle River, N.J. : : Prentice Hall, , c2003.
Subjects:

MARC

LEADER 00000cam a2200000 7i4500
001 0000003133
005 20050216.0
020 0 0 |a 0130870161 
090 0 0 |a 632.9   |b RFN 
100 1 0 |a Norris, Robert F. 
245 0 0 |a Concepts in integrated pest management /   |c Robert F. Norris, Edward P. Caswell-Chen, Marcos Kogan. 
260 0 0 |a Upper Saddle River, N.J. : :   |b Prentice Hall, ,   |c c2003. 
300 |a xxi, 586 p. : :   |b ill. (some col.), ; ;   |c 26 cm. 
650 0 0 |a Pests   |x Integrated control. 
700 1 1 |a Caswell-Chen, Edward P. 
700 1 1 |a Kogan, M. [  |q (Marcos)] 
999 |a 0000005845   |b Monograph   |c Open Shelf   |e Default branch